00939nam a2200265Ia 450000500170000000800410001702000150005804100080007310000290008124501410011025000220025130000190027349000250029265000380031765000400035565000390039570000360043470000350047026400340050533600270053933700330056633800280059904000350062708400110066220220316235627.0121119s2002 ck gr 000 p spa  a95830072851 aspa1 aLouys, Pierred1870-192514aLas canciones de Bilitis bbucólicas en pamfilia cPierre Louys ; traducción, Enrique Uribe White ; ilustraciones, Eric Nieto Torres aPrimera edición a136 páginas 0 aLiteratura universal14aPoesía francesaySiglo XX2LEMB14aLiteratura francesaySiglo XX2LEMB14aPoesía eróticaySiglo XX2LEMB1 aUribe White, Enriqueetraductor1 aNieto Torres, Ericeilustrador aBogotá bPanamericanac2002 atextobtxt2rdacontent asin mediaciónbn2rdamedia avolumenbnc2rdacarrier aCO-BoRNBPbspaerdacCO-BoRNBP aP LOU3